Statistiques concernant Mots de la langue française terminés par "drier"

Cliquez ici pour prendre le quiz!

Statistiques générales

  • Ce quiz a été pris 114 fois
  • Le résultat moyen est 5 sur 9

Statistiques - réponses

IndiceMot% Correct
almanachcalendrier
90%
coupellecendrier
89%
boîte de maquillagepoudrier
82%
harnaisbaudrier
74%
plongeurscaphandrier
72%
poutremadrier
57%
noisetiercoudrier
35%
tonnelierfoudrier
8%
distillateurcidrier
6%

Distribution des résultats

Percentile par nombre de réponses

% des personnes avec chaque résultat

Votre développement - résultats

Vous n’avez pas pris ce quiz